| 000 -LEADER |
| fixed length control field |
00803cam a2200217 4500 |
| 020 ## - INTERNATIONAL STANDARD BOOK NUMBER |
| ISBN |
0486209741 |
| 040 ## - CATALOGING SOURCE |
| Transcribing agency |
DLC |
| 082 00 - DEWEY DECIMAL CLASSIFICATION NUMBER |
| Classification number |
630 DOV 1973 A042 Or. |
| 100 1# - MAIN ENTRY--AUTHOR NAME |
| Personal name |
Kains, M. G. |
| 245 10 - TITLE STATEMENT |
| Title |
Five acres and independence; |
| Remainder of title |
a practical guide to the selection and management of the small farm. |
| 250 ## - EDITION STATEMENT |
| Edition statement |
Rev. and enl. ed. |
| 260 ## - PUBLICATION, DISTRIBUTION, ETC. (IMPRINT) |
| Place of publication |
New York, |
| Name of publisher |
Dover Publications |
| Year of publication |
[1973] |
| 300 ## - PHYSICAL DESCRIPTION |
| Number of Pages |
xv, 397 p. |
| Other physical details |
illus. |
| Dimensions |
22 cm. |
| 500 ## - GENERAL NOTE |
| General note |
Reprint of the 1940 ed. published by Greenberg, New York, originally issued in 1935 under title: Five acres. |
| 650 #0 - SUBJECT ADDED ENTRY--TOPICAL TERM |
| Topical Term |
Agriculture |
| 650 #0 - SUBJECT ADDED ENTRY--TOPICAL TERM |
| Topical Term |
Farm management. |
| 650 #0 - SUBJECT ADDED ENTRY--TOPICAL TERM |
| Topical Term |
Agriculture |
| 856 42 - ELECTRONIC LOCATION AND ACCESS |
| Uniform Resource Identifier |
http://www.loc.gov/catdir/description/dover032/72092758.html |
| 856 41 - ELECTRONIC LOCATION AND ACCESS |
| Uniform Resource Identifier |
http://www.loc.gov/catdir/enhancements/fy1318/72092758-t.html |
| 942 ## - ADDED ENTRY ELEMENTS (KOHA) |
| Koha item type |
សៀវភៅភាសាអង់គ្លេស |
| 952 ## - LOCATION AND ITEM INFORMATION (KOHA) |
| Withdrawn status [LOCAL, KOHA] |
0 |